LEADER 01130nam a2200265 i 4500 001 000000182717 003 CaOOAMICUS 005 20091029000000.0 008 091029s1996 it u000 u ita u 013 $a160678 020 $a88-044-0891-X 040 $aSeMil$bita 100 1 $aRavasi, Gianfranco,$c.$0(OLS)http://semarc/name/244 245 10$aAngeli :$bspiritualità e arte /$cGianfranco Ravasi ; Alessandro Rovetta ; a cura di Nancy Grubb. 260 $aMilano :$bArnoldo Mondadori Editore,$c1996. 300 $a160 p. :$briccamente ill. ;$c32 cm. 650 4$aAngeli.$0(OLS)http://semarc/subject/5649 700 1 $aGrubb, Nancy.$0(OLS)http://semarc/name/67302 700 1 $aRovetta, Alessandro.$0(OLS)http://semarc/name/10686 850 $aSeMil 852 $aSeMil$W1$xVenegono$y1$m5V VII 73$j133421$B133421$CSeMilBibl$Z2$F145441 $81 961 $aOmaggio: Altro 996 $6020$a88-044-0891-X$9(OLS)http://semarc/number/172357 996 $6245$aAngeli :$bspiritualità e arte$9(OLS)http://semarc/title/262154 996 $6260$aMilano :$bArnoldo Mondadori Editore$9(OLS)http://semarc/publisher/30056 LEADER 01071nam a2200253 i 4500 001 000000189835 003 CaOOAMICUS 005 20100519000000.0 008 100519s1977 fr u000 u fre u 013 $a168147 040 $aSeMil$bita 100 1 $aCanivet, Pierre,$d<1916-2006>.$0(OLS)http://semarc/name/1196 245 13$aLe monachisme syrien selon Théodoret de Cyr /$cPar Pierre Canivet. 260 $aParis :$bBeauchesne,$ccopyr. 1977. 300 $a317 p. ;$c22 cm. 490 0 $aThéologie historique ;$v42 600 04$aTeodoreto : di Cirro .$0(OLS)http://semarc/subject/11060 650 4$aMonachesimo orientale - Siria.$0(OLS)http://semarc/subject/35769 830 0$aThéologie historique ;$v42.$0(OLS)http://semarc/title/80 850 $aSeMil 852 $aSeMil$W1$xVenegono$y1$m2U I 42$j140466$B140466$CSeMilBibl$Z2$F152086 $81 961 $aOmaggio: Altro 996 $6245$aLe monachisme syrien selon Théodoret de Cyr$9(OLS)http://semarc/title/273378 996 $6260$aParis :$bBeauchesne$9(OLS)http://semarc/publisher/29638